| 000 | 00622nam a22002057a 4500 | ||
|---|---|---|---|
| 005 | 20251108165911.0 | ||
| 008 | 250721s9999 xx 000 0 ara d | ||
| 082 | 1 | 4 | _aط/219.9/عبد |
| 100 | 1 | _aيوسف، عبد التواب | |
| 245 | 1 | 0 | _aعقبة بن نافع / |
| 264 | 1 |
_aالقاهرة : _bدار الكتاب المصري، _c[19-]. |
|
| 300 | _a16ص | ||
| 490 | 0 | _aفرسان الاسلام ؛ 10 | |
| 650 | 1 | 7 | _aالسيرة النبوية |
| 650 | 1 | 7 | _aالعهد الأموي |
| 650 | 1 | 7 | _aالعسكريون |
| 700 | 1 |
_aسيد، عبد الشافي _eرسم |
|
| 942 |
_2ddc _cBK |
||
| 999 |
_c34274 _d34274 |
||